Statistics for Africa Geography by Letter - O

Click here to take the quiz!

General Stats

  • This quiz has been taken 92 times
  • The average score is 8 of 20

Answer Stats

HintAnswer% Correct
Capital and largest city of Burkina FasoOuagadougou
93%
The largest living birdostrich
92%
Second largest city in AlgeriaOran
89%
Natural resource which dominates Angola's economyoil
83%
Empire which controlled much of North Africa from the 1500s to the 1800sOttoman Empire
80%
Longest river in South Africa; also flows through Lesotho and NamibiaOrange River
76%
Rare animal endemic to DR Congo which has some Zebra-like stripes but is related to the giraffeokapi
70%
Swampy inland delta in BotswanaOkavango Delta
48%
The largest ethnic group in EthiopiaOromo
46%
Largest city of Sudan; located next to KhartoumOmdurman
34%
Nigerian city which is home to the largest market in AfricaOnitsha
27%
Period of Ancient Egypt in which the pyramids were builtOld Kingdom
24%
Currency of Mauritaniaouguiya
20%
Yoruba-speaking empire that was one of the most powerful states in West Africa in the 17th and 18th centuriesOyo Empire
16%
The largest ethnic group in NamibiaOvambo
12%
Capital of Imo State in southeast NigeriaOwerri
11%
Intergovernmental forum which preceded the African UnionOrganisation of African Unity
8%
Giant baobab tree in northern Namibia which has a door going into its trunk, which can fit 35 people insideOmbalantu baobab tree
6%
River in Gabon which is the fifth largest in Africa by volumeOgooué River
5%
Second-most populous region of Namibia; located in the north of the countryOhangwena
5%

Score Distribution

Percentile by Number Answered

Percent of People with Each Score

Your Score History

You have not taken this quiz